| 000 | 00431nam a2200157 i 4500 | ||
|---|---|---|---|
| 001 | 136100 | ||
| 003 | ES-MaACL | ||
| 005 | 20230906195033.0 | ||
| 007 | t| | ||
| 008 | 070214s1932 sp r ||||1| spa d | ||
| 100 | 1 |
_aRoy, Manabendra Nath. _9100204 |
|
| 245 | 1 | 0 |
_aRevolución y contrarrevolución en China / _cManabendra Nath Roy. |
| 260 |
_aMadrid : _bCenit, _c1932. |
||
| 300 |
_a488 p. ; _c25 cm. |
||
| 852 |
_aES-MaACL _jA-871 |
||
| 999 |
_c136100 _d136100 |
||